Women's tennis: Top Grand Slam Winners (Open Era) - Statistics

General Stats
  • This quiz has been taken 1,587 times
    1,400 since last reset
  • The average score is 9 of 12
Answer Stats
Hint Answer % Correct
23 Serena Williams
96%
22 Steffi Graf
91%
7 Venus Williams
90%
18 Martina Navratilova
88%
18 Chris Evert
79%
9 Monica Seles
77%
5 Maria Sharapova
73%
5 Martina Hingis
72%
7 Justine Henin
71%
8 Billie Jean King
70%
11 Margaret Court
68%
7 Evonne Goolagong
45%
No matching quizzes found
Score Distribution
Percent of People with Each Score
Percentile by Number Answered
Your Score History
You have not taken this quiz since the last reset